000 004350000a22001690004500
003 LK-CoMWRAF
008 230817t ||||| |||| 00| 0 eng d
040 _aLK-CoMWRAF
_dLK-CoMWRAF
_eLK-CoMWRAF
041 _aeng
082 _a480
_bSEN
100 _aSenthilvel, S.K
245 _aManitharum Samooka Valvum
_bSamooka Varalattu Kuripukal
260 _aNeerveli
_bThayagam
_c1994
300 _ap.80
650 _asociology
942 _cBK
999 _c2880
_d2880